<?xml version="1.0" encoding="UTF-8"?>
<marc:record xmlns:marc="http://www.loc.gov/MARC21/slim">
   <marc:leader>00000nam a2200000 a 4500</marc:leader>
   <marc:datafield ind1="1" ind2=" " tag="100">
      <marc:subfield code="a">Haratischwili, Nino</marc:subfield>
      <marc:subfield code="4">aut</marc:subfield>
      <marc:subfield code="e">Verfasser/-in</marc:subfield>
   </marc:datafield>
   <marc:datafield ind1="0" ind2="0" tag="245">
      <marc:subfield code="a">Mein sanfter Zwilling</marc:subfield>
   </marc:datafield>
   <marc:datafield ind1="0" ind2="0" tag="245">
      <marc:subfield code="b">Roman</marc:subfield>
   </marc:datafield>
   <marc:datafield ind1="0" ind2="0" tag="245">
      <marc:subfield code="c">Nino Haratischwili</marc:subfield>
   </marc:datafield>
   <marc:datafield ind1=" " ind2="1" tag="264">
      <marc:subfield code="a">Berlin</marc:subfield>
      <marc:subfield code="b">Ullstein</marc:subfield>
      <marc:subfield code="c">2022</marc:subfield>
   </marc:datafield>
   <marc:datafield ind1="1" ind2=" " tag="520">
      <marc:subfield code="a">Sieben Jahre sind vergangen seit Ivo aus ihrem Leben verschwunden ist. Ivo, ihr Halbbruder, ihr Spielgefährte aus Kindertagen und viel mehr als das. Denn Ivo und Stella, Wahlverwandte und Schicksalsgenossen seit frühester Kindheit, sind in leidenschaftlicher Liebe miteinander verbunden. Jeder Versuch, ohne einander zu leben, sich dem Reigen wilder erotischer Begegnungen und gewaltvoller Diskussionen zu entziehen, ist zum Scheitern verurteilt; es ist eine namenlose Gier, die die beiden immer wieder zueinander treibt und ein tief verborgener Groll, der sie hindert, je miteinander glücklich zu sein.</marc:subfield>
   </marc:datafield>
   <marc:datafield ind1=" " ind2=" " tag="020">
      <marc:subfield code="a">9783548066714</marc:subfield>
      <marc:subfield code="9">9783548066714</marc:subfield>
   </marc:datafield>
   <marc:datafield ind1=" " ind2=" " tag="020">
      <marc:subfield code="a">3548066712</marc:subfield>
      <marc:subfield code="9">3548066712</marc:subfield>
   </marc:datafield>
   <marc:datafield ind1=" " ind2=" " tag="300">
      <marc:subfield code="a">378 S.</marc:subfield>
   </marc:datafield>
</marc:record>
